| 000 | 00694nam a22001217a 4500 | ||
|---|---|---|---|
| 008 | 110628t xxu||||| |||| 00| 0 eng d | ||
| 010 | _aCAEPAF127 | ||
| 245 | _aCourt Of Appeal Election Petition Appeal No. 4 OF 2003 Kasaija John Abooki Vs Electoral Commission | ||
| 260 | _c2003 | ||
| 500 | _aCORAM: HON. JUSTICE G.M. OKELLO, JA HON. JUSTICE A.E.N. MPAGI-BAHIGEINE, JA HON. JUSTICE A. TWINOMUJUNI, JA | ||
| 500 | _aAppeal from the decision of the High Court (Kagaba J) dated 8/9/22003 in Election Petition Appeal No. 20 of 2002 from Election Petition No. 1 of 2002 | ||
| 999 |
_c4154 _d4154 |
||